|
|
|
|
| LEADER |
00000nam a22000007a 4500 |
| 005 |
2022081801241.0 |
| 007 |
cr|||| |||| |
| 008 |
220818s2020 pe |||||s|||| 00||0 spa d |
| 020 |
|
|
|a 9786123251062
|
| 035 |
|
|
|a 36878
|
| 040 |
|
|
|a vLex
|
| 090 |
|
|
|c 13749
|d 13749
|
| 100 |
1 |
|
|a Hb̃erle, Peter
|
| 245 |
1 |
3 |
|a Los derechos fundamentales en el Estado prestacional
|h [Recurso electrn̤ico] /
|c Peter Hb̃erle
|
| 256 |
|
|
|a Servicio en ln̕ea
|
| 260 |
|
|
|a Lima:
|b Palestra Editores,
|c 2020
|
| 300 |
|
|
|a 1 recurso electrn̤ico
|
| 500 |
|
|
|a El estudio de los derechos sociales constituye todava̕ un desafo̕ pendiente especialmente para la dogmt̀ica de los derechos fundamentales, sobre todo en relacin̤ con su eficacia y realizacin̤. La calificacin̤ de tales derechos como "sociales" ("programas") ha significado, ms̀ que su consideracin̤ como materializaciones concretas de la justicia social -valor fundamental del Estado constitucional prestacional-, un detrimento a su eficacia. Por esa razn̤, es imprescindible reflexionar en torno a si el tratamiento de los derechos sociales puede ser acometido con los enfoques y propuestas desarrollados hasta ahora por la dogmt̀ica especf̕icamente para los derechos fundamentales cls̀icos. Esta tarea no est ̀asignada a los tribunales, sino a la ciencia del Derecho constitucional que no puede renunciar a su tarea de formular instrumentos ter̤ico-prc̀ticos para los grandes desafo̕s derivados de un Estado sobreexigido por demandas sociales justas y de una sociedad que se mueve entre la extrema riqueza de pocos y la extrema pobreza de muchos.
|
| 506 |
1 |
|
|a Disponible solo en los productos indicados
|d vLex Global
|d vLex Global (Academic Edition, excluding Law Schools)
|d vLex Global (U.S. Academic Edition, Law Schools)
|d vLex Global (U.S. Academic Edition, excluding Law Schools)
|d vLex Global (Academic Edition, Law Schools)
|
| 650 |
0 |
4 |
|a Derecho Constitucional
|z Per︢
|
| 740 |
0 |
|
|a vLex Libros (Servicio en ln̕ea)
|
| 856 |
4 |
0 |
|u https://app.vlex.com/#/sources/36878
|z Acceso restringido
|
| 942 |
|
|
|c BOOK
|
| 999 |
0 |
|
|a Constitutional right
|